000 00664nam a2200193Ia 4500
003 GCL
008 140319s9999 xx 000 0 ara d
040 _aGCL /
_cGCL
082 0 4 _a301.42
_bا ا
100 1 _aانجلز، فريدريك
245 1 0 _aاصل نظام الاسرة والدولة والملكية الفردية /
_cانجلز، فريدريك
300 _a192 ص
490 _aسلسلة الفكر الاشتراكى
_v0
650 0 4 _aالاسرة
650 0 4 _aالعلاقات الاسرية
650 0 4 _aالاسرة - الحضارة الاغريقية
650 0 4 _aالزواج - الحضارة الرومانية
942 _2ddc
_cBK
999 _c47174
_d47174